000 00272nam a22001217a 4500
008 170614b xxu||||| |||| 00| 0 eng d
041 _aeng
080 _a94(7/8)
100 _a17
101 _aSHH
245 _aTHE ERA OF THEODORE ROSSEVELT
_cMOWRY,G.E
942 _2udc
_cBK
999 _c17419
_d17419